<?xml version="1.0" encoding="UTF-8"?><?xml-stylesheet type="text/xsl" href="static/style.xsl"?><OAI-PMH xmlns="http://www.openarchives.org/OAI/2.0/" xmlns:xsi="http://www.w3.org/2001/XMLSchema-instance" xsi:schemaLocation="http://www.openarchives.org/OAI/2.0/ http://www.openarchives.org/OAI/2.0/OAI-PMH.xsd"><responseDate>2026-04-27T20:22:23Z</responseDate><request verb="GetRecord" identifier="oai:uvadoc.uva.es:10324/18302" metadataPrefix="marc">https://uvadoc.uva.es/oai/request</request><GetRecord><record><header><identifier>oai:uvadoc.uva.es:10324/18302</identifier><datestamp>2021-06-29T16:16:33Z</datestamp><setSpec>com_10324_38</setSpec><setSpec>col_10324_852</setSpec></header><metadata><record xmlns="http://www.loc.gov/MARC21/slim" xmlns:doc="http://www.lyncode.com/xoai" xmlns:xsi="http://www.w3.org/2001/XMLSchema-instance" xmlns:dcterms="http://purl.org/dc/terms/" xsi:schemaLocation="http://www.loc.gov/MARC21/slim http://www.loc.gov/standards/marcxml/schema/MARC21slim.xsd">
<leader>00925njm 22002777a 4500</leader>
<datafield tag="042" ind1=" " ind2=" ">
<subfield code="a">dc</subfield>
</datafield>
<datafield tag="720" ind1=" " ind2=" ">
<subfield code="a">Cabezudo Garzón, Cynthia</subfield>
<subfield code="e">author</subfield>
</datafield>
<datafield tag="260" ind1=" " ind2=" ">
<subfield code="c">2016</subfield>
</datafield>
<datafield tag="520" ind1=" " ind2=" ">
<subfield code="a">Este documento resuelve el Trabajo Fin de Grado de la titulación “Grado en Ingeniería en Diseño Industrial y Desarrollo de Producto” y plantea el diseño completo de un abridor de cocos, desde su concepción hasta la planificación de fabricación, ensamblaje, distribución y venta al consumidor.&#xd;
El dossier recoge una descripción amplia y completa de los detalles necesarios para la interpretación y ejecución del proyecto.&#xd;
Con este diseño se pretende mejorar la vida diaria, poniendo a disposición del usuario un innovador y económico producto en el mercado, que no precisa de medios eléctricos para su funcionamiento/uso debido a su alto potencial mecánico. Se trata de un producto desmontable y que no ocupa apenas espacio, a favor del ecodiseño y con un bajo impacto medioambiental.&#xd;
El objetivo de dicho producto es suplir la carencia de un objeto que facilite la apertura de la fruta tropical del cocotero.</subfield>
</datafield>
<datafield tag="024" ind2=" " ind1="8">
<subfield code="a">http://uvadoc.uva.es/handle/10324/18302</subfield>
</datafield>
<datafield ind1=" " ind2=" " tag="653">
<subfield code="a">Diseño industrial</subfield>
</datafield>
<datafield tag="245" ind1="0" ind2="0">
<subfield code="a">CuTropic: Diseño de un abridor de coco</subfield>
</datafield>
</record></metadata></record></GetRecord></OAI-PMH>